Zhou yi shuo lue : [4 juan] /

Saved in:
Bibliographic Details
Main Author: Zhang, Erqi, 1612-1677.
Format: Book
Language:Chinese
Published: [Taibei] : Cheng wen chu ban she, [Min guo 65 i.e. 1976]
Edition:Tai 1 ban.
Series:Wu qiu bei zhai yi jing ji cheng ; 74.
Subjects:
Tags: Add Tag
No Tags, Be the first to tag this record!
LEADER 01349cam a2200361 i 4500
001 007743942-2
005 20024617105005.0
008 890712r19761909ch 000 0 chi
010 |a 78835796 /C 
035 0 |a ocm23340774 
040 |a DLC  |c MiU  |d OCoLC  |d *YNH*  |d CStRLIN 
050 0 |a PL2464.Z6  |b W86 vol. 74 
100 1 |6 880-01  |a Zhang, Erqi,  |d 1612-1677. 
245 1 0 |6 880-02  |a Zhou yi shuo lue :  |b [4 juan] /  |c Zhang Erqi zhuan. 
250 |6 880-03  |a Tai 1 ban. 
260 |6 880-04  |a [Taibei] :  |b Cheng wen chu ban she,  |c [Min guo 65 i.e. 1976] 
300 |a 592 p. ;  |c 21 cm. 
490 1 |6 880-05  |a Wu qiu bei zhai yi jing ji cheng ;  |v 74 
500 |6 880-06  |a "Ju Qing Xuantong yuan nian shan cheng tang kan ben ying yin." 
630 0 0 |6 880-07  |a Yi jing. 
730 0 |6 880-08  |a Yi jing.  |f 1976. 
880 1 |6 100-01  |a 張爾岐,  |d 1612-1677. 
880 1 0 |6 245-02  |a 周易說略 :  |b [4卷] /  |c 張爾岐撰. 
880 |6 250-03  |a 臺1版. 
880 |6 260-04  |a [台北] :  |b 成文出版社,  |c [民國65 i.e. 1976] 
880 1 |6 490-05  |a 無求備齋易經集成 ;  |v 74 
880 |6 500-06  |a "據清宣統元年善成堂刊本影印." 
880 0 0 |6 630-07  |a 易經. 
880 0 |6 730-08  |a 易經.  |f 1976. 
830 0 |6 880-55  |a Wu qiu bei zhai yi jing ji cheng ;  |v 74. 
880 0 |6 830-55  |a 無求備齋易經集成 ;  |v 74. 
988 |a 20021102 
906 |0 DLC